Анализ опасных производственных факторов на установке подготовки нефти; Ресурсосберегающие технологии в контроле, управлении качеством и безопасности

Bibliographic Details
Parent link:Ресурсосберегающие технологии в контроле, управлении качеством и безопасности.— 2021.— [С. 73-76]
Main Author: Жук Е. О. Елизавета Олеговна
Corporate Author: Национальный исследовательский Томский политехнический университет
Summary:Заглавие с экрана
В статье произведен обзор опасных производственных факторов на установке подготовки нефти в рамках месторождения. Проведен анализ статистических данных некоторых крупных нефтегазовых компаний России.
The article is devoted to an overview of hazardous production factors at the oil treatment plant within the field. The analysis of statistical data of some large oil and gas companies in Russia is carried out.
Language:Russian
Published: 2021
Subjects:
Online Access:http://earchive.tpu.ru/handle/11683/64353
Format: Electronic Book Chapter
KOHA link:https://koha.lib.tpu.ru/cgi-bin/koha/opac-detail.pl?biblionumber=632557

MARC

LEADER 00000naa2a2200000 4500
001 632557
005 20231102024614.0
035 |a (RuTPU)RU\TPU\conf\34278 
035 |a RU\TPU\conf\34276 
090 |a 632557 
100 |a 20210126d2021 k y0rusy50 ca 
101 0 |a rus  |d eng 
102 |a RU 
105 |a y z 101zy 
135 |a drcn ---uucaa 
181 0 |a i  
182 0 |a b 
200 1 |a Анализ опасных производственных факторов на установке подготовки нефти  |d Analysis of hazardous production factors at the oil treatment plant  |f Е. О. Жук 
203 |a Текст  |c электронный 
230 |a 1 компьютерный файл (pdf; 434 Kb) 
300 |a Заглавие с экрана 
320 |a [Библиогр.: с. 76 (5 назв.)] 
330 |a В статье произведен обзор опасных производственных факторов на установке подготовки нефти в рамках месторождения. Проведен анализ статистических данных некоторых крупных нефтегазовых компаний России. 
330 |a The article is devoted to an overview of hazardous production factors at the oil treatment plant within the field. The analysis of statistical data of some large oil and gas companies in Russia is carried out. 
463 0 |0 (RuTPU)RU\TPU\conf\34267  |t Ресурсосберегающие технологии в контроле, управлении качеством и безопасности  |o сборник научных трудов IX Международной конференции школьников, студентов, аспирантов, молодых ученых "Ресурсоэффективные системы в управлении и контроле: взгляд в будущее", 11-13 ноября 2020 г., г. Томск  |f Национальный исследовательский Томский политехнический университет (ТПУ)  |v [С. 73-76]  |d 2021 
510 1 |a Analysis of hazardous production factors at the oil treatment plant  |z eng 
610 1 |a электронный ресурс 
610 1 |a труды учёных ТПУ 
610 1 |a опасные производственные факторы 
610 1 |a установки 
610 1 |a подготовка нефти 
610 1 |a несчастные случаи 
610 1 |a травматизм 
610 1 |a статистические данные 
610 1 |a hazardous production factor 
610 1 |a oil treatment unit 
610 1 |a accident 
610 1 |a trauma 
700 1 |a Жук  |b Е. О.  |g Елизавета Олеговна 
712 0 2 |a Национальный исследовательский Томский политехнический университет  |c (2009- )  |2 stltpush  |3 (RuTPU)RU\TPU\col\15902  |9 26305 
801 2 |a RU  |b 63413507  |c 20210205  |g RCR 
856 4 |u http://earchive.tpu.ru/handle/11683/64353 
942 |c BK